| 000 | 00641pam a2200181 a 4500 | ||
|---|---|---|---|
| 020 | _a0023544511 | ||
| 082 | 0 | 0 |
_a620.112 _bHIB _cL-21, P-84 |
| 100 | 1 |
_aHibbeler, R. C. _91019 |
|
| 245 | 1 | 0 |
_aMechanics of materials / _cR.C. Hibbeler. |
| 260 |
_aNew York : _bMacmillan ; _aToronto : _bCollier Macmillan Canada ; _aNew York : _bMaxwell Macmillan International, _cc1991. |
||
| 300 |
_axiii, 794 p. : _bill. (some col.) ; _c25 cm. |
||
| 500 | _aIncludes index. | ||
| 526 |
_a0 _b0 _c0 _d620_112000000000000_HIB |
||
| 650 | 0 |
_aMCE _9379 |
|
| 650 | 0 |
_aStrength of materials. _9563 |
|
| 650 | 0 |
_aStructural analysis (Engineering) _9654 |
|
| 942 |
_2ddc _cBK |
||
| 999 |
_c545146 _d545146 |
||